Logistické koncepty pro vůdčí postavení na trhu
Logistika a konkurenčné postavenie podniku na trhu. Rozdielne trendy trhového hospodárstva a prispôsobovanie podnikovej stratégie. Rastúci význam služieb. Stratégia výrobkového a nákladového vodcovstva. Vodcovstvo v službách. Diferenciacia logistických reťazcov.
Enregistré dans:
| Auteur principal: | |
|---|---|
| Format: | Chapitre de livre |
| Langue: | tchèque |
| Sujets: | |
| Tags: |
Pas de tags, Soyez le premier à ajouter un tag!
|
MARC
| LEADER | 00000naa a2200000 4500 | ||
|---|---|---|---|
| 001 | r032015 | ||
| 005 | 20230922090332.9 | ||
| 041 | 0 | |a cze | |
| 044 | |a CZ | ||
| 245 | 1 | 0 | |a Logistické koncepty pro vůdčí postavení na trhu |c Jiří Kubát |
| 520 | |a Logistika a konkurenčné postavenie podniku na trhu. Rozdielne trendy trhového hospodárstva a prispôsobovanie podnikovej stratégie. Rastúci význam služieb. Stratégia výrobkového a nákladového vodcovstva. Vodcovstvo v službách. Diferenciacia logistických reťazcov. | ||
| 610 | 2 | 0 | |a podnik |
| 610 | 2 | 0 | |a konkurencia |
| 610 | 2 | 0 | |a stratégia podniková |
| 610 | 2 | 0 | |a trh |
| 610 | 2 | 0 | |a logistika |
| 610 | 2 | 0 | |a manažment |
| 610 | 2 | 0 | |a zákazníci |
| 610 | 2 | 0 | |a náklady |
| 610 | 2 | 0 | |a kvalita |
| 100 | 1 | |a Kubát, Jiří | |